Význam výkladu sekundárneho európskeho práva pre výklad národného práva

Metódy výkladu európskeho práva a národného práva ovplyvňovaného európskym právom. Dvojstupňovosť v zákonodarnom procese (smernica a zákon) sa prenáša aj do dvojstupňovosti pri výklade národného transpozičného predpisu. Obe úrovne výkladu predpokladajú použitie odlišných metód výkladu. Systematizáci...

Descripción completa

Guardado en:
Detalles Bibliográficos
Autor principal: Csach, Kristián
Formato: Capítulo de libro
Lenguaje:eslovaco
Materias:
Etiquetas: Agregar Etiqueta
Sin Etiquetas, Sea el primero en etiquetar este registro!

MARC

LEADER 00000naa$a2200000$$$4500
001 0047107
005 20231102091743.6
041 0 |a slo 
044 |a SK 
245 1 0 |a Význam výkladu sekundárneho európskeho práva pre výklad národného práva  |c Kristián Csach 
520 |a Metódy výkladu európskeho práva a národného práva ovplyvňovaného európskym právom. Dvojstupňovosť v zákonodarnom procese (smernica a zákon) sa prenáša aj do dvojstupňovosti pri výklade národného transpozičného predpisu. Obe úrovne výkladu predpokladajú použitie odlišných metód výkladu. Systematizácia judikatúry ESD vo vzťahu k výkladu sekundárneho európskeho práva. 
610 2 0 |a právo európske 
610 2 0 |a právo štátne 
610 2 0 |a harmonizácia 
610 2 0 |a právo komunitárne 
610 2 0 |a poriadok právny 
610 2 0 |a smernice 
100 1 |a Csach, Kristián